000
00378nam a2200181Ia 4500
003
0100
008
130303s9999 xx 000 0 und d
040
_c
ARRUPELIB
050
_a
HF5415.B423 1967
100
_a
Beckman, Theodore N
245
_a
Marketing
250
_a
8th
260
_a
NY
260
_b
The Ronald Press
260
_C
1967
300
_a
872p
942
0
0
_0
1
999
_c
37246
_d
37246